000
00301nam a2200133Ia 4500
005
20251222144715.0
008
251222s9999||||xx |||||||||||||| ||spa||
020
_a
978-603-45319-04
082
_a
658.406.3/R18
100
_a
Raich, MArio
245
0
_a
Más Allí:
264
_b
TECSUP
942
_c
LIB
999
_c
18002
_d
18002